Statistics for Portugal to Malaysia

Click here to take the quiz!

General Stats

  • This quiz has been taken 942 times
    (681 since last reset)
  • The average score is 10 of 11

Answer Stats

Countries% Correct
Portugal
100%
Spain
99%
France
98%
Germany
95%
Poland
93%
Belarus / Ukraine
92%
China
92%
Russia
91%
Laos / Myanmar
89%
Malaysia
88%
Thailand
87%

Score Distribution

Percentile by Number Answered

Percent of People with Each Score

Your Score History

You have not taken this quiz since the last reset